Statistics for Playing card games

Click here to take the quiz!

General Stats

  • This quiz has been taken 11 times
    (9 since last reset)
  • The average score is 4 of 10

Answer Stats

HintAnswer% Correct
A game where people try to get as many pairs of cards as possibleGofish
75%
Single player card gameSolitaire
63%
Two player game to get all the cardsWar
50%
Silent Uno with some added rulesMau
38%
A game where you get rid of all your cards, but can lie about what cards you placedB.S./Liar
25%
Uno but with playing cardsCrazy 8s
25%
A game where you try to get the cards in order from 1 to 10Garbage/Trash
25%
A game where you get rid of all your cards by matching them firstSpeed
25%
people try to get four of the same card, and they grab an object, and the last person to grab one is outSpoons
25%
A multiplayer game where you slap the discard pile to get all the cardsEgyptian Ratslap
13%

Score Distribution

Percentile by Number Answered

Percent of People with Each Score

Your Score History

You have not taken this quiz since the last reset